[Event "XXVIII Festival Conca della Presolana A"]
[Site "Bratto - Castione della Presolana ITA"]
[Date "2008.08.22"]
[Round "1"]
[White "Tramalloni, Luca"]
[Black "Simutowe, Amon"]
[Result "0-1"]
[WhiteElo "2109"]
[BlackElo "2458"]
[PlyCount "60"]
[EventDate "2008.08.22"]

1. d4 Nf6 2. c4 e6 3. g3 Bb4+ 4. Bd2 c5 5. Bxb4 cxb4 6. Bg2 d5 7. Nd2 Nc6 8.
Ngf3 O-O 9. O-O a5 10. Qc2 a4 11. c5 b6 12. e4 bxc5 13. exd5 Nxd5 14. dxc5 Ba6
15. Rfd1 b3 16. axb3 Ncb4 17. Qe4 Bd3 18. Qd4 Bc2 19. Rdc1 axb3 20. Qc4 Nd3 21.
Nxb3 Nxc1 22. Rxc1 Bxb3 23. Qxb3 Rb8 24. Qa3 Qf6 25. Rb1 Rfc8 26. b4 Rxc5 27.
Nd2 Rc3 28. Qa7 Qd8 29. Ne4 Rc7 30. Qd4 Rcb7 0-1

[Event "XXVIII Festival Conca della Presolana A"]
[Site "Bratto - Castione della Presolana ITA"]
[Date "2008.08.22"]
[Round "1"]
[White "Vezzosi, Paolo"]
[Black "Piemonti, Carlo"]
[Result "1-0"]
[WhiteElo "2352"]
[BlackElo "2051"]
[PlyCount "89"]
[EventDate "2008.08.22"]

1. d4 d5 2. c4 e6 3. Nc3 Be7 4. Bf4 Nf6 5. e3 O-O 6. Rc1 c6 7. Bd3 Nbd7 8. c5
b6 9. b4 a5 10. b5 Bb7 11. cxb6 cxb5 12. Bc7 Qc8 13. Nxb5 Bb4+ 14. Ke2 Ba6 15.
Bd6 Qb7 16. Bxf8 Rxf8 17. Nf3 Qxb6 18. a4 Ne4 19. Qb3 Nd6 20. Nxd6 Qxd6 21. Rc2
Rb8 22. Bxa6 Qxa6+ 23. Qd3 Qxd3+ 24. Kxd3 f6 25. Ra1 Nb6 26. Rc6 Kf7 27. Rc7+
Kf8 28. h4 Nc4 29. Ra2 Bd6 30. Ra7 Rb3+ 31. Ke2 Rb1 32. Ne1 Rb6 33. h5 h6 34.
Nd3 Bb8 35. Rd7 Bd6 36. f3 Be7 37. e4 Ke8 38. Rc7 Kf8 39. Nc5 Bxc5 40. dxc5 Rb4
41. exd5 exd5 42. Rd7 Nb2 43. c6 Ke8 44. Rxd5 Nxa4 45. Rxa4 1-0

[Event "XXVIII Festival Conca della Presolana A"]
[Site "Bratto - Castione della Presolana ITA"]
[Date "2008.08.22"]
[Round "1"]
[White "Zinani, Alessandro"]
[Black "Davi, Alessandro"]
[Result "1-0"]
[WhiteElo "2240"]
[BlackElo "2009"]
[PlyCount "57"]
[EventDate "2008.08.22"]

1. d4 Nf6 2. Bg5 Ne4 3. Bf4 d5 4. Nd2 Bf5 5. e3 e6 6. Bd3 Nxd2 7. Qxd2 Bxd3 8.
Qxd3 c5 9. Nf3 c4 10. Qe2 Nc6 11. O-O Bd6 12. Bxd6 Qxd6 13. e4 O-O 14. Rfe1
Rfd8 15. e5 Qe7 16. Qd2 h6 17. Qf4 b5 18. g4 g5 19. Qe3 Kh7 20. Nd2 Kg7 21. Nf1
h5 22. gxh5 Re8 23. f4 Kh6 24. Ng3 f6 25. exf6 Qxf6 26. Rf1 g4 27. c3 Kg7 28.
Qe2 Qh4 29. Rae1 1-0

[Event "XXVIII Festival Conca della Presolana A"]
[Site "Bratto - Castione della Presolana ITA"]
[Date "2008.08.23"]
[Round "2"]
[White "Barberi, Alessandro"]
[Black "Bassis, Ivano"]
[Result "1-0"]
[WhiteElo "2153"]
[BlackElo "2021"]
[PlyCount "61"]
[EventDate "2008.08.22"]

1. d4 d5 2. Nf3 Nf6 3. c4 dxc4 4. Nc3 a6 5. a4 Nc6 6. e3 Bg4 7. Bxc4 e6 8. O-O
Be7 9. Qe2 O-O 10. Rd1 Nb4 11. e4 c6 12. a5 Qc7 13. h3 Bxf3 14. Qxf3 e5 15.
dxe5 Qxe5 16. Bf4 Qc5 17. Qe2 Rad8 18. Be3 Rxd1+ 19. Nxd1 Qe5 20. Nc3 Rd8 21.
f4 Qc7 22. Bb6 Qxf4 23. Rf1 Qe5 24. Rf5 Qg3 25. Bxd8 Bxd8 26. e5 Nfd5 27. Bxd5
Nxd5 28. Nxd5 cxd5 29. e6 Be7 30. exf7+ Kf8 31. Qxe7+ 1-0

[Event "XXVIII Festival Conca della Presolana A"]
[Site "Bratto - Castione della Presolana ITA"]
[Date "2008.08.23"]
[Round "2"]
[White "Barlocco, Carlo"]
[Black "Bertagia, Roldano"]
[Result "1/2-1/2"]
[WhiteElo "2150"]
[BlackElo "2019"]
[PlyCount "117"]
[EventDate "2008.08.22"]

1. d4 d5 2. Nf3 Nf6 3. c4 e6 4. Bg5 Be7 5. Nc3 Nbd7 6. e3 h6 7. Bh4 O-O 8. Rc1
c6 9. Bd3 dxc4 10. Bxc4 Nd5 11. Bxe7 Qxe7 12. Ne4 b6 13. O-O Bb7 14. Ng3 Rac8
15. e4 Nf4 16. Re1 Rfd8 17. e5 c5 18. Ne4 Bxe4 19. Rxe4 Nd5 20. Bd3 cxd4 21.
Rxd4 Nc5 22. Bb1 Nb4 23. a3 Nd5 24. Qc2 g6 25. Rc4 a5 26. b4 axb4 27. axb4 Nxb4
28. Rxb4 Nd3 29. Qxc8 Nxc1 30. Qxc1 Qxb4 31. h4 Kg7 32. Qc2 Rd5 33. Kh2 Qf4+
34. Kh3 Rc5 35. Qe4 Qc1 36. Ba2 Qb2 37. Bxe6 fxe6 38. Qb7+ Kf8 39. Qh7 Qc2 40.
Qh8+ Ke7 41. Qf6+ Kd7 42. Qf7+ Kd8 43. Qf8+ Kc7 44. Qd6+ Kb7 45. Nd4 Qxf2 46.
g3 h5 47. Qd7+ Rc7 48. Qa4 Qf1+ 49. Kh2 Rc5 50. Qd7+ Ka6 51. Qa4+ Ra5 52. Qc2
Rc5 53. Qa2+ Kb7 54. Nxe6 Rxe5 55. Nf4 Re1 56. Qd5+ Ka7 57. Qd7+ Ka8 58. Qc8+
Ka7 59. Qd7+ 1/2-1/2

[Event "XXVIII Festival Conca della Presolana A"]
[Site "Bratto - Castione della Presolana ITA"]
[Date "2008.08.23"]
[Round "2"]
[White "Bernardi, Ruben"]
[Black "David, Alberto"]
[Result "0-1"]
[WhiteElo "2140"]
[BlackElo "2568"]
[PlyCount "132"]
[EventDate "2008.08.22"]

1. e4 c5 2. Na3 b6 3. f4 Bb7 4. d3 d5 5. e5 d4 6. Nf3 e6 7. c3 Nc6 8. Be2 Nh6
9. O-O Be7 10. Nc2 O-O 11. cxd4 Nf5 12. dxc5 Bxc5+ 13. Kh1 Qd5 14. d4 Ncxd4 15.
Ne3 Nxe3 16. Bxe3 Nxe2 17. Qxe2 Qe4 18. Rfe1 Qxe3 19. Qxe3 Bxe3 20. Rxe3 Rac8
21. Rd1 Rc2 22. Rd2 Rxd2 23. Nxd2 Rd8 24. Re2 Rc8 25. Nf3 Rc4 26. Kg1 Rxf4 27.
Rc2 h6 28. Kf2 g5 29. Kg3 Rb4 30. b3 Bd5 31. Nd2 Rf4 32. Nf3 Rb4 33. h3 Kg7 34.
Rc7 a5 35. Nd2 Rd4 36. Nc4 Rd3+ 37. Kf2 Bxc4 38. bxc4 Ra3 39. Rb7 Rxa2+ 40. Kf3
Ra4 41. Rxb6 Rxc4 42. Rb5 a4 43. g4 Rc3+ 44. Kg2 a3 45. Ra5 Re3 46. Ra8 Rxe5
47. Rxa3 f5 48. gxf5 exf5 49. Ra6 Re7 50. Rb6 Rf7 51. h4 Rf6 52. Rb8 Kg6 53.
hxg5 hxg5 54. Kf3 Rc6 55. Rg8+ Kf6 56. Rf8+ Ke6 57. Re8+ Kf7 58. Re3 Kf6 59.
Ra3 g4+ 60. Kf4 Rc4+ 61. Kg3 Kg5 62. Ra8 f4+ 63. Kg2 Rc2+ 64. Kg1 Kh4 65. Ra1
f3 66. Rf1 Kh3 0-1

[Event "XXVIII Festival Conca della Presolana A"]
[Site "Bratto - Castione della Presolana ITA"]
[Date "2008.08.23"]
[Round "2"]
[White "Borgo, Giulio"]
[Black "Narayanan, Srinath"]
[Result "1/2-1/2"]
[WhiteElo "2442"]
[BlackElo "2220"]
[PlyCount "42"]
[EventDate "2008.08.22"]

1. Nf3 Nf6 2. c4 c5 3. Nc3 Nc6 4. d4 cxd4 5. Nxd4 e6 6. Ndb5 d5 7. Bf4 d4 8.
Nc7+ Ke7 9. Nxa8 dxc3 10. Qxd8+ Kxd8 11. O-O-O+ Bd7 12. g3 Ng4 13. Bg2 Nxf2 14.
Be3 cxb2+ 15. Kxb2 Nxd1+ 16. Rxd1 Kc8 17. Bxa7 Nxa7 18. Nb6+ Kc7 19. Na8+ Kc8
20. Nb6+ Kc7 21. Na8+ Kc8 1/2-1/2

[Event "XXVIII Festival Conca della Presolana A"]
[Site "Bratto - Castione della Presolana ITA"]
[Date "2008.08.23"]
[Round "2"]
[White "Bruno, Fabio"]
[Black "Bonazzi, Edoardo"]
[Result "1-0"]
[WhiteElo "2453"]
[BlackElo "2163"]
[PlyCount "37"]
[EventDate "2008.08.22"]

1. d4 Nf6 2. Bf4 d5 3. e3 c6 4. c4 Bf5 5. Nc3 e6 6. Qb3 Qb6 7. c5 Qxb3 8. axb3
Nbd7 9. h3 Be7 10. b4 O-O 11. b5 Ne4 12. Nf3 f6 13. Be2 g5 14. Bh2 Kg7 15. bxc6
bxc6 16. Ba6 e5 17. Bb7 Rab8 18. Bxc6 Rxb2 19. Nxd5 1-0

[Event "XXVIII Festival Conca della Presolana A"]
[Site "Bratto - Castione della Presolana ITA"]
[Date "2008.08.23"]
[Round "2"]
[White "Burlando, Alessandro"]
[Black "Podini, Francesco"]
[Result "1/2-1/2"]
[WhiteElo "2161"]
[BlackElo "2051"]
[PlyCount "31"]
[EventDate "2008.08.22"]

1. d4 Nf6 2. c4 c5 3. d5 b5 4. Nf3 g6 5. Qc2 bxc4 6. e4 d6 7. Bxc4 Bg7 8. O-O
O-O 9. h3 Ba6 10. Bxa6 Nxa6 11. Nc3 Nd7 12. Be3 Qa5 13. Bg5 Rfe8 14. Rab1 Nb6
15. Qe2 Nc7 16. Bd2 1/2-1/2

[Event "XXVIII Festival Conca della Presolana A"]
[Site "Bratto - Castione della Presolana ITA"]
[Date "2008.08.23"]
[Round "2"]
[White "Castelfranchi, Carlo"]
[Black "Salami, Marco"]
[Result "0-1"]
[WhiteElo "2088"]
[BlackElo "2186"]
[PlyCount "68"]
[EventDate "2008.08.22"]

1. e4 e6 2. d4 d5 3. Nd2 Nc6 4. Ngf3 Nf6 5. e5 Nd7 6. Bb5 a6 7. Bxc6 bxc6 8.
Nb3 c5 9. Bg5 Be7 10. Na5 Nxe5 11. dxe5 Bxg5 12. Nc6 Qd7 13. Nxg5 h6 14. Qh5
O-O 15. h4 Qxc6 16. Rh3 Qe8 17. Rg3 f5 18. Qxe8 Rxe8 19. Nh3 Rb8 20. O-O-O Rb4
21. f4 Bb7 22. Rc3 c4 23. h5 c5 24. a3 Rb5 25. g4 fxg4 26. Nf2 Bc6 27. Nxg4
Reb8 28. Rg3 Rxb2 29. f5 Ba4 30. Rc3 Rb1+ 31. Kd2 Rxd1+ 32. Kxd1 exf5 33. Nh2
Be8 34. Rh3 d4 0-1

[Event "XXVIII Festival Conca della Presolana A"]
[Site "Bratto - Castione della Presolana ITA"]
[Date "2008.08.23"]
[Round "2"]
[White "Cereda, Loris"]
[Black "Martinez, Rolly"]
[Result "0-1"]
[WhiteElo "2043"]
[BlackElo "2441"]
[PlyCount "66"]
[EventDate "2008.08.22"]

1. e4 c5 2. c3 Nf6 3. e5 Nd5 4. d4 cxd4 5. Nf3 Nc6 6. cxd4 d6 7. Bc4 e6 8. O-O
Be7 9. Qe2 O-O 10. Nc3 Nxc3 11. bxc3 dxe5 12. dxe5 Qa5 13. Qe4 Qa4 14. Bd3 Qxe4
15. Bxe4 Bd7 16. Be3 Rac8 17. Rfd1 Rfd8 18. Rd3 b6 19. Rad1 Be8 20. Bf4 Rxd3
21. Rxd3 Na5 22. Nd4 h6 23. g4 Rc4 24. Bg3 Ra4 25. Rd2 Ra3 26. Ne2 Nc4 27. Rd4
b5 28. Bb1 Bc6 29. Kf1 Kf8 30. Bf4 Bg5 31. Bxg5 hxg5 32. Rd8+ Ke7 33. Rg8 Nd2+
0-1

[Event "XXVIII Festival Conca della Presolana A"]
[Site "Bratto - Castione della Presolana ITA"]
[Date "2008.08.23"]
[Round "2"]
[White "Colovic, Aleksandar"]
[Black "Brun, Dario"]
[Result "1-0"]
[WhiteElo "2470"]
[BlackElo "2245"]
[PlyCount "47"]
[EventDate "2008.08.22"]

1. e4 e5 2. Nf3 Nc6 3. Bb5 f5 4. d3 fxe4 5. dxe4 Nf6 6. O-O Bc5 7. Qd3 d6 8.
Qc4 Qe7 9. b4 Be6 10. Bxc6+ bxc6 11. Qa6 Bb6 12. a4 Nxe4 13. a5 Kf7 14. Qe2
Bxf2+ 15. Kh1 Bf5 16. Nfd2 Bd4 17. Rxf5+ Ke6 18. Qxe4 Bxa1 19. Qg4 d5 20. Nb3
Kd6 21. Ba3 Bd4 22. Nxd4 exd4 23. b5+ c5 24. Qf4+ 1-0

[Event "XXVIII Festival Conca della Presolana A"]
[Site "Bratto - Castione della Presolana ITA"]
[Date "2008.08.23"]
[Round "2"]
[White "Cugini, Verter"]
[Black "Drazic, Sinisa"]
[Result "0-1"]
[WhiteElo "2167"]
[BlackElo "2505"]
[PlyCount "96"]
[EventDate "2008.08.22"]

1. e4 c5 2. g3 Nc6 3. Bg2 g6 4. Ne2 Bg7 5. O-O d6 6. d3 Nf6 7. Nbc3 O-O 8. h3
Rb8 9. Be3 b5 10. d4 Nd7 11. dxc5 Nxc5 12. Nd4 Nxd4 13. Bxd4 Bxd4 14. Qxd4 e5
15. Qe3 b4 16. Nd5 Be6 17. Rfd1 a5 18. Bf1 Kg7 19. Kh2 Qd7 20. Bg2 Rfc8 21. a3
bxa3 22. Qxa3 a4 23. Ne3 Rb6 24. Rd2 Qb7 25. Rb1 Rcc6 26. f4 f6 27. fxe5 dxe5
28. Nd5 Bxd5 29. exd5 Rc8 30. d6 Qd7 31. Rbd1 Ne6 32. c3 f5 33. Rd5 Rcb8 34.
R1d2 Kf6 35. Ra5 Rd8 36. Rad5 e4 37. c4 Rb3 38. Qa1 Rc8 39. Bf1 h5 40. Rb5 h4
41. Rxb3 axb3 42. g4 Ng5 43. Rd5 fxg4 44. Qc1 Nf3+ 45. Kh1 Kg7 46. Qf4 Qa7 47.
Qxg4 Qa1 48. Qg2 Rxc4 0-1

[Event "XXVIII Festival Conca della Presolana A"]
[Site "Bratto - Castione della Presolana ITA"]
[Date "2008.08.23"]
[Round "2"]
[White "D'Apa, Matteo"]
[Black "Bentivegna, Francesco"]
[Result "0-1"]
[WhiteElo "2095"]
[BlackElo "2329"]
[PlyCount "82"]
[EventDate "2008.08.22"]

1. d4 d5 2. c4 Nc6 3. cxd5 Qxd5 4. Nf3 e5 5. Nc3 Bb4 6. Bd2 Bxc3 7. Bxc3 e4 8.
Nd2 e3 9. fxe3 Nf6 10. Qb3 Be6 11. Qxd5 Bxd5 12. e4 Nxe4 13. Nxe4 Bxe4 14.
O-O-O O-O 15. e3 Ne7 16. Rg1 Nd5 17. Re1 c5 18. Kd2 Rac8 19. Bd3 Bxd3 20. Kxd3
c4+ 21. Kd2 f5 22. g4 b5 23. a3 Nf6 24. gxf5 Ne4+ 25. Ke2 Rxf5 26. Ref1 Rcf8
27. Rxf5 Rxf5 28. Be1 Kf7 29. Rg4 Nf6 30. Rg3 g5 31. Rf3 Ke6 32. h3 h5 33. Rg3
Kd5 34. Ba5 Ne4 35. Rf3 Ke6 36. Bd8 Rxf3 37. Kxf3 Kf5 38. Be7 g4+ 39. hxg4+
hxg4+ 40. Kg2 a5 41. Bf8 Ke6 0-1

[Event "XXVIII Festival Conca della Presolana A"]
[Site "Bratto - Castione della Presolana ITA"]
[Date "2008.08.23"]
[Round "2"]
[White "Damia, Angelo"]
[Black "Salvador, Roland"]
[Result "0-1"]
[WhiteElo "2247"]
[BlackElo "2443"]
[PlyCount "72"]
[EventDate "2008.08.22"]

1. d4 d5 2. Nc3 Nf6 3. Bg5 Nbd7 4. Qd3 h6 5. Bxf6 Nxf6 6. e4 dxe4 7. Nxe4 c6 8.
O-O-O Qa5 9. Nxf6+ exf6 10. Qb3 Bd6 11. Nf3 O-O 12. d5 Rd8 13. Kb1 Bc5 14. Bc4
b5 15. Bd3 Rxd5 16. c4 Rxd3 17. Qxd3 Be6 18. Nd2 bxc4 19. Nxc4 Qa6 20. b3 Rb8
21. Ne5 Qc8 22. Nd7 Be7 23. Rhe1 Rb5 24. Qg3 Kh8 25. Rxe6 fxe6 26. Qe3 Rd5 27.
Rxd5 cxd5 28. Qxa7 Qc3 29. Qe3 Qc6 30. Nb8 Qd6 31. Qa7 d4 32. Qd7 Qc5 33. Qxe6
d3 34. Qc4 Qxf2 35. Qxd3 Ba3 36. Qc3 Qf5+ 0-1

[Event "XXVIII Festival Conca della Presolana A"]
[Site "Bratto - Castione della Presolana ITA"]
[Date "2008.08.23"]
[Round "2"]
[White "Davi, Alessandro"]
[Black "De Filomeno, Simone"]
[Result "0-1"]
[WhiteElo "2009"]
[BlackElo "2102"]
[PlyCount "64"]
[EventDate "2008.08.22"]

1. d4 Nf6 2. c4 g6 3. Nc3 Bg7 4. e4 O-O 5. Nf3 d6 6. Be2 Na6 7. O-O e5 8. Re1
c6 9. Rb1 exd4 10. Nxd4 Re8 11. f3 Nh5 12. Be3 f5 13. Nc2 Be5 14. Bd4 Bf4 15.
Bf2 Qg5 16. Bf1 Nc5 17. b4 Ne6 18. exf5 gxf5 19. c5 Be5 20. Na4 Nef4 21. Kh1
Re6 22. g3 Rh6 23. Rxe5 dxe5 24. gxf4 Nxf4 25. Bc4+ Be6 26. Bxe6+ Nxe6 27. Qg1
Kf7 28. Qxg5 Nxg5 29. f4 Nf3 30. Bg3 Rg8 31. Kg2 Rxh2+ 32. Kxf3 e4+ 0-1

[Event "XXVIII Festival Conca della Presolana A"]
[Site "Bratto - Castione della Presolana ITA"]
[Date "2008.08.23"]
[Round "2"]
[White "De Florio, Federico"]
[Black "Shytaj, Luca"]
[Result "0-1"]
[WhiteElo "2106"]
[BlackElo "2467"]
[PlyCount "78"]
[EventDate "2008.08.22"]

1. d4 d5 2. Nf3 e6 3. e3 c6 4. Bd3 f5 5. c4 Bd6 6. Nc3 Nf6 7. Qc2 Ne4 8. O-O
Nd7 9. b3 O-O 10. Bb2 Qf6 11. Ne2 g5 12. g3 Rf7 13. c5 Bc7 14. b4 g4 15. Nh4
Qh6 16. Nf4 Nf8 17. f3 gxf3 18. Rxf3 Rg7 19. Nhg2 Bd7 20. a4 Ng6 21. Nxg6 hxg6
22. Bxe4 dxe4 23. Rf2 Rh7 24. Nf4 g5 25. Ne2 Be8 26. d5 cxd5 27. Nd4 Bxg3 28.
Rg2 Bc7 29. Rf1 Bd7 30. b5 g4 31. Qe2 Rf8 32. c6 bxc6 33. bxc6 Bc8 34. Ba3 Rff7
35. Nb5 Bb6 36. Re1 f4 37. Rxg4+ Rhg7 38. Bb2 f3 39. Bxg7 Rxg7 0-1

[Event "XXVIII Festival Conca della Presolana A"]
[Site "Bratto - Castione della Presolana ITA"]
[Date "2008.08.23"]
[Round "2"]
[White "De Santis, Alessio"]
[Black "Brunello, Sabino"]
[Result "0-1"]
[WhiteElo "2295"]
[BlackElo "2482"]
[PlyCount "92"]
[EventDate "2008.08.22"]

1. Nc3 d5 2. d4 Nf6 3. Nf3 c5 4. Bf4 e6 5. e3 a6 6. Ne5 Nc6 7. Be2 Nxe5 8. Bxe5
Nd7 9. Bg3 g6 10. h4 Bg7 11. Qd2 h5 12. a4 b6 13. f3 Bb7 14. Rd1 Rc8 15. Bf2
Qe7 16. O-O O-O 17. Rfe1 Rfd8 18. g4 hxg4 19. fxg4 e5 20. g5 cxd4 21. exd4 Qb4
22. h5 Qxb2 23. hxg6 fxg6 24. Nb1 Rxc2 25. Qd3 e4 26. Qh3 Nf8 27. Bg4 Bc8 28.
Bxc8 Rcxc8 29. Rf1 Qb4 30. Be3 Qe7 31. Rd2 Qd7 32. Qh4 Qxa4 33. Rdf2 Rc7 34.
Bf4 Rf7 35. Nc3 Qxd4 36. Ne2 Qc5 37. Rc1 Qe7 38. Rc7 Rd7 39. Rc8 d4 40. Rh2 Rd8
41. Rc6 d3 42. Ng3 e3 43. Nh5 gxh5 44. g6 Qxh4 45. gxf7+ Kxf7 46. Rxh4 d2 0-1

[Event "XXVIII Festival Conca della Presolana A"]
[Site "Bratto - Castione della Presolana ITA"]
[Date "2008.08.23"]
[Round "2"]
[White "Di Fonzo, Valerio"]
[Black "Bellia, Fabrizio"]
[Result "0-1"]
[WhiteElo "2212"]
[BlackElo "2403"]
[PlyCount "48"]
[EventDate "2008.08.22"]

1. e4 c5 2. Nf3 d6 3. d4 cxd4 4. Nxd4 Nf6 5. Nc3 Nc6 6. Bg5 Qb6 7. Nb3 e6 8.
Qd2 Be7 9. f3 O-O 10. O-O-O a6 11. g4 Qc7 12. Be3 b5 13. g5 Nd7 14. h4 Nce5 15.
Qg2 Nb6 16. h5 b4 17. Nb1 Nec4 18. Bd4 e5 19. Bf2 Be6 20. Bxc4 Nxc4 21. N1d2
Na3 22. bxa3 Rfc8 23. Na1 Qc3 24. Kb1 bxa3 0-1

[Event "XXVIII Festival Conca della Presolana A"]
[Site "Bratto - Castione della Presolana ITA"]
[Date "2008.08.23"]
[Round "2"]
[White "Epishin, Vladimir V."]
[Black "Tatai, Stefano"]
[Result "1-0"]
[WhiteElo "2574"]
[BlackElo "2372"]
[PlyCount "59"]
[EventDate "2008.08.22"]

1. d4 d5 2. Nf3 e6 3. c4 c6 4. Nbd2 f5 5. g3 Nf6 6. Bg2 Be7 7. O-O O-O 8. b3
Ne4 9. Bb2 Nd7 10. Ne1 Ndf6 11. Ndf3 Ng4 12. Nd3 Qe8 13. Nfe5 Nxe5 14. Nxe5 Qh5
15. f3 Ng5 16. e3 Rf6 17. f4 Qxd1 18. Rfxd1 Nf7 19. Nd3 h6 20. a4 a5 21. Rdc1
Bd8 22. Ba3 Rb8 23. Kf2 Bd7 24. b4 axb4 25. Bxb4 b6 26. c5 b5 27. axb5 Rxb5 28.
Ra7 Bc8 29. Bf1 Bb7 30. Rb1 1-0

[Event "XXVIII Festival Conca della Presolana A"]
[Site "Bratto - Castione della Presolana ITA"]
[Date "2008.08.23"]
[Round "2"]
[White "Finocchiaro, Gianluca"]
[Black "Astengo, Corrado"]
[Result "1/2-1/2"]
[WhiteElo "2021"]
[BlackElo "2121"]
[PlyCount "38"]
[EventDate "2008.08.22"]

1. d4 d5 2. Nf3 Nf6 3. Bf4 Bf5 4. e3 e6 5. c3 Nbd7 6. Be2 Be7 7. h3 O-O 8. Nbd2
Ne4 9. Nxe4 Bxe4 10. O-O c5 11. Ne5 Nxe5 12. Bxe5 Qb6 13. Qd2 Rac8 14. Rfe1
Rfd8 15. dxc5 Bxc5 16. Bd4 h6 17. Bf1 Qc7 18. Bxc5 Qxc5 19. Qd4 Kf8 1/2-1/2

[Event "XXVIII Festival Conca della Presolana A"]
[Site "Bratto - Castione della Presolana ITA"]
[Date "2008.08.23"]
[Round "2"]
[White "Guido, Flavio"]
[Black "Leon Hoyos, Manuel"]
[Result "1-0"]
[WhiteElo "2356"]
[BlackElo "2543"]
[PlyCount "91"]
[EventDate "2008.08.22"]

1. e4 c6 2. d4 d5 3. Nc3 dxe4 4. Nxe4 Bf5 5. Ng3 Bg6 6. Bc4 Nf6 7. Nh3 e6 8.
Nf4 Bd6 9. h4 Qc7 10. Nxg6 hxg6 11. Qf3 Nbd7 12. Ne4 Nxe4 13. Qxe4 Nf6 14. Qf3
O-O-O 15. Bg5 Bb4+ 16. c3 Rxd4 17. Be2 Ba5 18. b4 Bxb4 19. cxb4 Qe5 20. O-O Nd5
21. Qxf7 Qxe2 22. Rae1 Qc4 23. Qxe6+ Kc7 24. g3 Rd3 25. b5 Qd4 26. Kg2 Qc4 27.
bxc6 Qxc6 28. Qxc6+ bxc6 29. Re6 Ra3 30. Rc1 Rc3 31. Rxg6 Rh7 32. Rxc3 Nxc3 33.
Bd2 Nxa2 34. Rg4 c5 35. Ra4 Nb4 36. Bxb4 cxb4 37. Rxb4 Rh5 38. Rg4 a5 39. Rxg7+
Kb6 40. Rg6+ Kb5 41. Kh3 a4 42. g4 Rd5 43. g5 a3 44. Re6 Kc4 45. Ra6 Kb4 46. g6
1-0

[Event "XXVIII Festival Conca della Presolana A"]
[Site "Bratto - Castione della Presolana ITA"]
[Date "2008.08.23"]
[Round "2"]
[White "Hanly, Steven"]
[Black "Tomba, Ivan"]
[Result "1-0"]
[WhiteElo "2020"]
[BlackElo "2309"]
[PlyCount "81"]
[EventDate "2008.08.22"]

1. d4 Nf6 2. Nf3 d5 3. e3 c6 4. c4 Bf5 5. cxd5 cxd5 6. Qb3 Qc7 7. Nc3 e6 8. Be2
Nc6 9. a3 Be7 10. O-O h6 11. Bd2 O-O 12. Na4 Ne4 13. Bb4 Nxb4 14. axb4 Rfc8 15.
Bd3 Bg4 16. Bxe4 dxe4 17. Ne5 Bf5 18. g4 Bh7 19. Nc5 Qd6 20. Nxb7 Qxb4 21. Qxb4
Bxb4 22. Ra4 a5 23. Rfa1 Rab8 24. Nxa5 Bxa5 25. Rxa5 f6 26. Nd7 Rxb2 27. Ra8
Rbc2 28. Nc5 Rf8 29. Rxf8+ Kxf8 30. Ra8+ Kf7 31. Ra7+ Kg6 32. Nxe6 h5 33. Nf4+
Kh6 34. Nxh5 f5 35. Nxg7 fxg4 36. Nh5 Bg8 37. Nf6 Be6 38. Ra6 Bc4 39. Rb6 Be2
40. Nxe4+ Kh5 41. Ng3+ 1-0

[Event "XXVIII Festival Conca della Presolana A"]
[Site "Bratto - Castione della Presolana ITA"]
[Date "2008.08.23"]
[Round "2"]
[White "Horvath, Csaba"]
[Black "Manca, Federico"]
[Result "1-0"]
[WhiteElo "2537"]
[BlackElo "2367"]
[PlyCount "131"]
[EventDate "2008.08.22"]

1. d4 Nf6 2. c4 g6 3. Nc3 Bg7 4. e4 d6 5. Be2 O-O 6. Bg5 Na6 7. Qd2 e5 8. d5
Qe8 9. Bd3 Nc5 10. Bc2 a5 11. Nge2 Bd7 12. f3 h5 13. Be3 Qe7 14. O-O-O Rfc8 15.
h3 c6 16. dxc6 Rxc6 17. Kb1 Be6 18. Nd5 Bxd5 19. cxd5 Rcc8 20. Nc3 a4 21. Nb5
Qd7 22. Bd3 h4 23. Na3 Nh5 24. Bb5 Qd8 25. Rc1 Nf4 26. Rc2 Bh6 27. Nc4 Kh7 28.
Rhc1 Ncd3 29. Nxd6 Rxc2 30. Rxc2 Qxd6 31. Bxd3 a3 32. b3 Bg5 33. Bf1 Qf6 34.
Rc7 Kg7 35. Bc4 Rb8 36. d6 Ne6 37. Bxe6 Bxe3 38. Qxe3 Qxe6 39. d7 Qd6 40. Qc1
Qd3+ 41. Rc2 Qxd7 42. Qxa3 Rc8 43. Rxc8 Qxc8 44. Qa5 f6 45. Kb2 g5 46. a4 Qc6
47. Qd5 Qb6 48. Ka3 Kg6 49. a5 Qc7 50. Kb4 Kh6 51. Kb5 Kg6 52. b4 Kh6 53. Qc5
Qd8 54. Qd5 Qc7 55. Qe6 Kg6 56. a6 bxa6+ 57. Kxa6 Qc2 58. b5 Qa4+ 59. Kb6 Qd4+
60. Kb7 Kg7 61. b6 Kg6 62. Kc7 Qc5+ 63. Kd7 Qb5+ 64. Qc6 Qb3 65. b7 Qf7+ 66.
Kd8 1-0

[Event "XXVIII Festival Conca della Presolana A"]
[Site "Bratto - Castione della Presolana ITA"]
[Date "2008.08.23"]
[Round "2"]
[White "Jablon, Stephen"]
[Black "Bellavita, Guido"]
[Result "1/2-1/2"]
[WhiteElo "1994"]
[BlackElo "2101"]
[PlyCount "89"]
[EventDate "2008.08.22"]

1. e4 e6 2. d4 d5 3. Nc3 Nf6 4. Bg5 Bb4 5. e5 h6 6. Bd2 Bxc3 7. bxc3 Ne4 8. Bd3
Nxd2 9. Qxd2 c5 10. f4 Nc6 11. Nf3 Qa5 12. dxc5 Qxc5 13. Nd4 a6 14. Nb3 Qa7 15.
c4 dxc4 16. Bxc4 O-O 17. Qf2 Qxf2+ 18. Kxf2 f6 19. exf6 Rxf6 20. g3 b5 21. Bd3
e5 22. a4 b4 23. Rae1 Be6 24. Be4 Bxb3 25. Bxc6 Rxc6 26. cxb3 exf4 27. gxf4 Rf8
28. Re4 Rc2+ 29. Kf3 Rc3+ 30. Kg4 Rxb3 31. Rd1 Rf6 32. Rd8+ Kh7 33. f5 Rb1 34.
Rf4 Rg1+ 35. Kh3 Rb6 36. Rc4 Rg5 37. Rf8 Rf6 38. Rxf6 gxf6 39. Rxb4 Rxf5 40.
Rb6 Ra5 41. Rxf6 Rxa4 42. Kg3 Kg7 43. Rc6 Ra1 44. Rc7+ Kf6 45. Rc6+ 1/2-1/2

[Event "XXVIII Festival Conca della Presolana A"]
[Site "Bratto - Castione della Presolana ITA"]
[Date "2008.08.23"]
[Round "2"]
[White "Jaracz, Pawel"]
[Black "Lucaroni, Massimiliano"]
[Result "1-0"]
[WhiteElo "2501"]
[BlackElo "2289"]
[PlyCount "57"]
[EventDate "2008.08.22"]

1. d4 Nf6 2. c4 e6 3. Nf3 c5 4. d5 d6 5. Nc3 exd5 6. cxd5 g6 7. e4 Bg7 8. Bg5
h6 9. Be3 O-O 10. h3 Re8 11. Bd3 Bd7 12. a4 Na6 13. O-O Nb4 14. Bf4 Qe7 15. Re1
b6 16. Bh2 Qf8 17. Bf1 a6 18. Nd2 b5 19. axb5 axb5 20. Rxa8 Rxa8 21. Nxb5 Ne8
22. Nc3 Bd4 23. Nf3 Qg7 24. e5 Bf5 25. exd6 Rd8 26. Nxd4 Qxd4 27. Qc1 Qg7 28.
g4 Bd3 29. Qe3 1-0

[Event "XXVIII Festival Conca della Presolana A"]
[Site "Bratto - Castione della Presolana ITA"]
[Date "2008.08.23"]
[Round "2"]
[White "Korneev, Oleg"]
[Black "Fierro Baquero, Martha Lorena"]
[Result "1/2-1/2"]
[WhiteElo "2631"]
[BlackElo "2379"]
[PlyCount "64"]
[EventDate "2008.08.22"]

1. e4 c5 2. Nf3 Nc6 3. d4 cxd4 4. Nxd4 g6 5. c4 Nf6 6. Nc3 Nxd4 7. Qxd4 d6 8.
Bg5 Bg7 9. Qd2 Be6 10. Bd3 h6 11. Bh4 Rc8 12. b3 g5 13. Bg3 Nh5 14. Rc1 Qa5 15.
Nd5 Qxd2+ 16. Kxd2 Bxd5 17. cxd5 O-O 18. Be2 Nxg3 19. hxg3 Bd4 20. f4 Bf2 21.
fxg5 hxg5 22. Bg4 Rxc1 23. Rxc1 Bc5 24. Rf1 Kg7 25. Bh5 b5 26. Ke2 a5 27. Rf5
e6 28. dxe6 fxe6 29. Rxf8 Kxf8 30. a4 bxa4 31. bxa4 Ke7 32. Kd3 Kf6 1/2-1/2